000 01033nam a2200241Ia 4500
999 _c36414
_d36414
001 2328
003 GE_BSU
005 20190603154015.0
008 181216s||||||||xx |||||||||||||| ||und||
040 _cGE_BSU
041 _ageo
080 _a94(479.22) ს–96
100 _aსურმანიძე, რამაზ
_91529
245 _aლუკა ასათიანი /
_cრამაზ სურმანიძე; რედ.ოთარ გოგოლიშვილი.
264 _aთბილისი :
_bშპს "გამომცემლობა ფავორიტი",
_c2011.
300 _a203 გვ.
_b21სმ.
600 _aასათიანი ლუკა
_91987
653 _aბათუმის ისტორია
653 _aბათუმის მმართველები
653 _aქართული გვარ-სახელები
700 _aგოგოლიშვილი, ოთარ
_eრედაქტორი
_9930
942 _cBK
_2udc